00476nam a22001457a 4500003000400000005001700004008004100021040000800062050001900070082001900089100001900108245015000127260004300277300001000320OSt20241104073032.0241104b |||||||| |||| 00| 0 eng d cDLC a270. 092 V297C a270. 092 V297C aVargis, P. G.  aConvictions Shaking India With the Love of Jesus:bthe testimony of Dr. P. G. Vargis and Dr. Lilly Vargis/cby P. G. Vargis and Dr. Lilly Vargis. aNew Delhi:bFaith Publications,c1995. a172p.